| 000 | 00438nam a2200169 4500 | ||
|---|---|---|---|
| 003 | OSt | ||
| 008 | 251110b |||||||| |||| 00| 0 eng d | ||
| 020 | _a9789381576052 | ||
| 082 |
_a823.92 _bNEA |
||
| 100 | _aNEELAKANTAN, Anand | ||
| 245 |
_aAsura Tale of the Vanquished: _bThe Story of Ravana and His People |
||
| 250 |
_a1st ed. _bRep. |
||
| 260 |
_aMumbai _bLeadstart _c2025 |
||
| 300 | _a514 | ||
| 650 | _aGeneral | ||
| 942 |
_2ddc _cBK |
||
| 999 |
_c13765 _d13765 |
||